[Event "Gran Canaria-ch Seniors 50"]
[Site "Gran Canaria"]
[Date "2020.02.28"]
[Round "7"]
[White "Biscarri Candalia, Oscar"]
[Black "Santana Mateo, Carmen Celia"]
[Result "1/2-1/2"]
[WhiteElo "1244"]
[BlackElo "1205"]
[PlyCount "84"]
[EventDate "2020.02.04"]
[EventType "swiss"]
[EventRounds "7"]
[EventCountry "ESP"]
[SourceTitle "CBM 195 Extra"]
[Source "ChessBase"]
[SourceDate "2020.05.31"]
[SourceVersion "1"]
[SourceVersionDate "2020.05.31"]
[SourceQuality "1"]

1. d4 Nf6 2. c4 d6 3. Nf3 g6 4. Nc3 Bg7 5. Qc2 0-0 6. e4 Nc6 7. Be3 e5 8. dxe5 dxe5 9. Rd1 Qe7 10. a3 Bg4 11. Be2 Bxf3 12. Bxf3 Rfd8 13. 0-0 Rxd1 14. Rxd1 Rd8 15. Nd5 Nxd5 16. cxd5 Nd4 17. Bxd4 exd4 18. Rc1 c6 19. b4 cxd5 20. exd5 h5 21. Qd3 Re8 22. Kf1 Qd7 23. Re1 Rxe1+ 24. Kxe1 a6 25. h3 b5 26. Qc2 Qd6 27. Qc6 Qxc6 28. dxc6 Be5 29. Kd2 Kf8 30. Kd3 Ke7 31. g4 hxg4 32. Bxg4 g5 33. f3 Kd6 34. Bd7 f6 35. Ke4 Kc7 36. Kd3 Kb6 37. Ke4 a5 38. Kd3 axb4 39. axb4 Kc7 40. Be8 Kd8 41. Bd7 Ke7 42. Ke4 Kd8 1/2-1/2

[Event "Gran Canaria Santana Memorial 7th"]
[Site "Gran Canaria"]
[Date "2019.11.14"]
[Round "4"]
[White "Macias Reyes, Jose Luis"]
[Black "Biscarri Candalia, Oscar"]
[Result "1-0"]
[WhiteElo "1567"]
[BlackElo "1263"]
[PlyCount "87"]
[EventDate "2019.11.05"]
[EventType "swiss"]
[EventRounds "7"]
[EventCountry "ESP"]
[SourceTitle "CBM 193 Extra"]
[Source "ChessBase"]
[SourceDate "2020.01.31"]
[SourceVersion "1"]
[SourceVersionDate "2020.01.31"]
[SourceQuality "1"]

1. d4 Nf6 2. c4 e6 3. Nc3 Bb4 4. Qc2 a6 5. a3 Be7 6. e4 d6 7. Bd3 c6 8. Nf3 g6 9. 0-0 0-0 10. Bh6 Re8 11. h3 Bf8 12. Qd2 Kh8 13. Rad1 Nbd7 14. e5 Nh5 15. Bxf8 Nxf8 16. g4 Ng7 17. Ne4 Re7 18. exd6 Rd7 19. c5 f5 20. gxf5 Nxf5 21. Ng3 Rf7 22. Ne5 Rg7 23. Kh2 Nxd4 24. Qc3 Qh4 25. Bxg6 Nb5 26. Qf3 Bd7 27. Be4 Re8 28. a4 Na7 29. Nh5 Ng6 30. Bxg6 Rxg6 31. Nxg6+ hxg6 32. Qf6+ Qxf6 33. Nxf6 Rd8 34. Nxd7 Rxd7 35. Rfe1 Kg7 36. Rxe6 Nc8 37. Rde1 Kf7 38. Re8 Nxd6 39. cxd6 Rxd6 40. R1e7+ Kf6 41. Rxb7 Rd2 42. Kg2 a5 43. Rc8 Rc2 44. Rb6 1-0

[Event "Gran Canaria Cabildo op"]
[Site "Gran Canaria"]
[Date "2019.03.26"]
[Round "5"]
[White "Almeida Cubas, Mirella"]
[Black "Biscarri Candalia, Oscar"]
[Result "1-0"]
[WhiteElo "1435"]
[BlackElo "1284"]
[PlyCount "35"]
[EventDate "2019.03.12"]
[EventType "swiss"]
[EventRounds "7"]
[EventCountry "ESP"]
[SourceTitle "CBM 189 Extra"]
[Source "ChessBase"]
[SourceDate "2019.06.03"]
[SourceVersion "1"]
[SourceVersionDate "2019.06.03"]
[SourceQuality "1"]

1. c4 b6 2. Nf3 Bb7 3. g3 e6 4. Bg2 Nc6 5. 0-0 g6 6. Nc3 Bg7 7. d4 Nge7 8. b3 d6 9. Bb2 h6 10. e3 Qd7 11. Rc1 0-0-0 12. a3 Rdg8 13. b4 a6 14. d5 exd5 15. cxd5 Ne5 16. Nxe5 Bxe5 17. Na4 Bxb2 18. Nxb6+ 1-0

[Event "Gran Canaria Cabildo op"]
[Site "Gran Canaria"]
[Date "2019.03.12"]
[Round "1"]
[White "Fernandez de la Hoz A, Carlos"]
[Black "Biscarri Candalia, Oscar"]
[Result "1-0"]
[WhiteElo "1755"]
[BlackElo "1284"]
[PlyCount "75"]
[EventDate "2019.03.12"]
[EventType "swiss"]
[EventRounds "7"]
[EventCountry "ESP"]
[SourceTitle "CBM 189 Extra"]
[Source "ChessBase"]
[SourceDate "2019.06.03"]
[SourceVersion "1"]
[SourceVersionDate "2019.06.03"]
[SourceQuality "1"]

1. e4 g6 2. d4 a6 3. Nf3 d6 4. Bc4 Nc6 5. 0-0 Bg7 6. c3 Bg4 7. Bxf7+ Kf8 8. Bxg8 Kxg8 9. Qb3+ e6 10. Bg5 Qe8 11. Nbd2 h6 12. Bh4 g5 13. Bg3 Na5 14. Qc2 b5 15. a4 Rh7 16. h3 Bh5 17. b4 Nc4 18. Nxc4 bxc4 19. Nd2 Qc6 20. b5 Qb7 21. bxa6 Qxa6 22. Qa2 e5 23. Nxc4 exd4 24. Nxd6+ Kh8 25. Nf5 Qf6 26. cxd4 Bf7 27. Qc2 Qd8 28. Nxg7 Kxg7 29. Qxc7 Qxc7 30. Bxc7 Kg8 31. Be5 Be8 32. Rfc1 Rha7 33. Rab1 Rxa4 34. Rb6 R4a7 35. Rxh6 Ra1 36. Rxa1 Rxa1+ 37. Kh2 Re1 38. f3 1-0

[Event "Gran Canaria op Seniors"]
[Site "Gran Canaria"]
[Date "2019.02.12"]
[Round "2"]
[White "Biscarri Candalia, Oscar"]
[Black "Kleine, Peter"]
[Result "0-1"]
[WhiteElo "1286"]
[BlackElo "1581"]
[PlyCount "94"]
[EventDate "2019.02.07"]
[EventType "swiss"]
[EventRounds "7"]
[EventCountry "ESP"]
[SourceTitle "CBM 189 Extra"]
[Source "ChessBase"]
[SourceDate "2019.06.03"]
[SourceVersion "1"]
[SourceVersionDate "2019.06.03"]
[SourceQuality "1"]

1. d4 c5 2. d5 d6 3. g3 Nf6 4. c4 Bf5 5. Nc3 e5 6. Bg5 Be7 7. f3 h6 8. Bd2 0-0 9. Nh3 Na6 10. Bg2 Nb4 11. Nf2 Nc2+ 12. Kf1 Nxa1 13. Qxa1 Nh7 14. Qc1 Bg5 15. e4 Bd7 16. h4 Bxd2 17. Qxd2 Nf6 18. Bh3 Nh5 19. Kg2 f5 20. Ne2 f4 21. Rf1 fxg3 22. Ng4 Bxg4 23. Bxg4 Qxh4 24. Rh1 Nf4+ 25. Nxf4 Qg5 26. Be6+ Kh7 27. Rh5 Qxf4 28. Qxf4 exf4 29. Rf5 Rxf5 30. Bxf5+ g6 31. Be6 Kg7 32. a3 Kf6 33. b4 b6 34. b5 Ke5 35. Bd7 Kd4 36. a4 Rd8 37. Bh3 Kxc4 38. Kf1 Kb4 39. Ke1 Kxa4 40. Bf1 g2 41. Bxg2 Kxb5 42. Bf1+ Kb4 43. Kd1 a5 44. Kc2 c4 45. Kb1 Kb3 46. Be2 b5 47. Bd1+ Kc3 0-1

[Event "Gran Canaria-chT 1819 A"]
[Site "Gran Canaria"]
[Date "2018.11.17"]
[Round "1.5"]
[White "Biscarri Candalia, Oscar"]
[Black "Fernandez Arce, Aketza"]
[Result "0-1"]
[WhiteElo "1313"]
[BlackElo "1616"]
[PlyCount "32"]
[EventDate "2018.11.17"]
[EventType "swiss"]
[EventRounds "7"]
[EventCountry "ESP"]
[SourceTitle "EXT 2024"]
[Source "ChessBase"]
[SourceDate "2023.10.10"]
[SourceVersion "1"]
[SourceVersionDate "2023.10.10"]
[SourceQuality "1"]
[WhiteTeam "La Bagacera"]
[BlackTeam "Grandama"]
[WhiteTeamCountry "ESP"]
[BlackTeamCountry "ESP"]

1. d4 Nf6 2. c4 g6 3. Nc3 Bg7 4. Nf3 0-0 5. g3 d6 6. Bg2 Nbd7 7. 0-0 e5 8. d5 a5 9. Bg5 h6 10. Bd2 Nc5 11. Ne1 Nh5 12. Qc1 Kh7 13. Bf3 Bh3 14. Bg2 Qd7 15. Bxh3 Qxh3 16. Kh1 Qxf1# 0-1

[Event "Gran Canaria Cabildo op"]
[Site "Gran Canaria"]
[Date "2018.03.13"]
[Round "3"]
[White "Almeida Cubas, Mirella"]
[Black "Biscarri Candalia, Oscar"]
[Result "1-0"]
[WhiteElo "1255"]
[BlackElo "1338"]
[PlyCount "63"]
[EventDate "2018.03.06"]
[EventType "swiss"]
[EventRounds "7"]
[EventCountry "ESP"]
[SourceTitle "CBM 183 Extra"]
[Source "ChessBase"]
[SourceDate "2018.04.19"]
[SourceVersion "1"]
[SourceVersionDate "2018.04.19"]
[SourceQuality "1"]

1. c4 b6 2. Nf3 d6 3. g3 Bb7 4. Bg2 e6 5. 0-0 Nf6 6. d4 Nbd7 7. Nc3 Be7 8. b3 c6 9. Bb2 d5 10. Re1 0-0 11. e3 Qc7 12. Rc1 Rac8 13. cxd5 Nxd5 14. Nd2 Rfe8 15. Nxd5 exd5 16. Bxd5 c5 17. Bxb7 Qxb7 18. dxc5 Bxc5 19. Nc4 Qb8 20. Qxd7 Rc7 21. Qg4 Bf8 22. Be5 Rxe5 23. Nxe5 Rxc1 24. Rxc1 Qxe5 25. Qd4 Qe7 26. Rc8 h6 27. Qd8 Qb4 28. Qc7 g6 29. Qxa7 Qg4 30. Rd8 Kg7 31. Qxb6 Qe4 32. Qd4+ 1-0

[Event "Las Palmas Insular-chT Segunda 1718"]
[Site "Las Palmas"]
[Date "2018.03.10"]
[Round "9.3"]
[White "Biscarri Candalia, Oscar"]
[Black "Garcia Cruz, Jose Manuel"]
[Result "1-0"]
[WhiteElo "1338"]
[BlackElo "1359"]
[PlyCount "93"]
[EventDate "2017.10.28"]
[EventType "team-swiss"]
[EventRounds "9"]
[EventCountry "ESP"]
[SourceTitle "EXT 2021"]
[Source "ChessBase"]
[SourceDate "2020.10.23"]
[SourceVersion "1"]
[SourceVersionDate "2020.10.23"]
[SourceQuality "1"]
[WhiteTeam "Firgas"]
[BlackTeam "Fundacion La Caja de Canarias IV"]
[WhiteTeamCountry "ESP"]
[BlackTeamCountry "ESP"]

1. d4 Nf6 2. c4 d6 3. Nf3 g6 4. e3 Bg7 5. Nc3 0-0 6. Bd3 Nbd7 7. b3 Re8 8. Qc2 e5 9. Bb2 exd4 10. Nxd4 Ne5 11. Be2 Bg4 12. 0-0-0 a6 13. Bxg4 Nexg4 14. h3 Ne5 15. Rhe1 Nc6 16. Nxc6 bxc6 17. f3 Qb8 18. e4 Nd7 19. f4 Bh6 20. Ne2 Bg7 21. Bxg7 Kxg7 22. Ng3 Qb4 23. f5 Ne5 24. Rf1 a5 25. Ne2 a4 26. Qb2 axb3 27. axb3 Ra3 28. Kc2 Rea8 29. Ra1 Kg8 30. Rxa3 Rxa3 31. Ra1 Ra5 32. Rxa5 Qxa5 33. Nc3 Qa7 34. Kb1 Nd3 35. Qd2 Nc5 36. Qc2 Qa3 37. Qb2 Qxb3 38. Qxb3 Nxb3 39. Kc2 Nc5 40. g4 Kg7 41. Kd2 Kf6 42. Ke3 Kg5 43. Kf3 Kh4 44. Kg2 Nd3 45. Ne2 Nb2 46. Nd4 Nxc4 47. Nf3# 1-0

[Event "Las Palmas Insular-chT Segunda 1718"]
[Site "Las Palmas"]
[Date "2017.12.16"]
[Round "4.3"]
[White "Yuan, Ying Jie"]
[Black "Biscarri Candalia, Oscar"]
[Result "0-1"]
[WhiteElo "1222"]
[BlackElo "1338"]
[PlyCount "68"]
[EventDate "2017.10.28"]
[EventType "team-swiss"]
[EventRounds "9"]
[EventCountry "ESP"]
[SourceTitle "EXT 2019"]
[Source "ChessBase"]
[SourceDate "2018.10.10"]
[SourceVersion "1"]
[SourceVersionDate "2018.10.10"]
[SourceQuality "1"]
[WhiteTeam "Hotel Avda de Canarias VI"]
[BlackTeam "Firgas"]
[WhiteTeamCountry "ESP"]
[BlackTeamCountry "ESP"]

1. e4 c5 2. Nf3 d6 3. d4 cxd4 4. Nxd4 Nf6 5. Nc3 e6 6. g3 a6 7. Bg2 Nc6 8. 0-0 g6 9. Be3 Bg7 10. Re1 0-0 11. Qd2 Ne5 12. h3 Nc4 13. Qc1 Nxe3 14. Qxe3 Bd7 15. Rad1 Ne8 16. g4 e5 17. Nde2 Rb8 18. f4 exf4 19. Nxf4 b5 20. a3 Qb6 21. Qxb6 Rxb6 22. Nfd5 Rb8 23. b4 Kh8 24. Rf1 Be6 25. Rf3 Rc8 26. Rd2 Be5 27. Ne2 Ng7 28. c3 Rc4 29. Nd4 Bxd5 30. exd5 f6 31. Bf1 Rc7 32. Nc6 f5 33. Nd4 fxg4 34. hxg4 Bxd4+ 0-1

[Event "Gran Canaria Fiestas Dolores 2nd"]
[Site "Gran Canaria"]
[Date "2017.09.15"]
[Round "6"]
[White "Gonzalez Sastron, David"]
[Black "Biscarri Candalia, Oscar"]
[Result "0-1"]
[WhiteElo "1196"]
[BlackElo "1328"]
[PlyCount "174"]
[EventDate "2017.09.04"]
[EventType "swiss"]
[EventRounds "6"]
[EventCountry "ESP"]
[SourceTitle "CBM 180 Extra"]
[Source "ChessBase"]
[SourceDate "2017.10.06"]
[SourceVersion "1"]
[SourceVersionDate "2017.10.06"]
[SourceQuality "1"]

1. e4 c5 2. Nf3 d6 3. Bb5+ Nc6 4. Bxc6+ bxc6 5. c4 g6 6. 0-0 Bg7 7. d4 Bg4 8. dxc5 Bxf3 9. Qxf3 dxc5 10. Nc3 Bd4 11. Rd1 e5 12. Be3 Qf6 13. Bxd4 Qxf3 14. gxf3 cxd4 15. Na4 Rb8 16. b3 Ne7 17. Nc5 Rc8 18. Kh1 g5 19. Rg1 h6 20. Nb7 Kf8 21. Nc5 Ng6 22. b4 Kg7 23. Rab1 Nf4 24. Nd7 f6 25. Nc5 d3 26. Rbd1 Rhd8 27. Rd2 Rd4 28. Rc1 Kf7 29. Rc3 Rcd8 30. a3 h5 31. a4 Rb8 32. b5 cxb5 33. axb5 a6 34. Nxa6 Rc8 35. b6 Rdxc4 36. Rxc4 Rxc4 37. h3 Rc1+ 38. Kh2 Rb1 39. Nc5 Rxb6 40. Rd1 Rd6 41. Kg3 Ne2+ 42. Kg2 Nf4+ 43. Kh2 h4 44. Nb7 Rb6 45. Nc5 Rb2 46. Nxd3 Nxd3 47. Rxd3 Rxf2+ 48. Kg1 Rb2 49. Kh1 Ke6 50. Kg1 Rb6 51. Kf2 f5 52. Ke3 Rb2 53. Rd2 f4+ 54. Ke2 Rb1 55. Rd1 Rxd1 56. Kxd1 Kd6 57. Kd2 Kc5 58. Kc3 Kd6 59. Kd2 Kc5 60. Kc3 Kd6 61. Kd2 Kc6 62. Kc2 Kb5 63. Kd3 Kb4 64. Kd2 Kc4 65. Kc2 Kd4 66. Kd2 g4 67. fxg4 Kxe4 68. Ke2 f3+ 69. Kf1 Kf4 70. Kf2 e4 71. Kf1 e3 72. Kg1 Kg3 73. Kf1 e2+ 74. Ke1 Kg2 75. g5 f2+ 76. Kxe2 f1Q+ 77. Ke3 Qf5 78. g6 Qxg6 79. Kd4 Kxh3 80. Ke3 Kg3 81. Ke2 Qd6 82. Kf1 h3 83. Ke2 h2 84. Ke3 h1R 85. Ke2 Qa3 86. Kd2 Rh2+ 87. Ke1 Qa1# 0-1

[Event "Gran Canaria Fiestas Dolores 2nd"]
[Site "Gran Canaria"]
[Date "2017.09.12"]
[Round "4"]
[White "Macias Reyes, Jose Luis"]
[Black "Biscarri Candalia, Oscar"]
[Result "1-0"]
[WhiteElo "1458"]
[BlackElo "1328"]
[PlyCount "46"]
[EventDate "2017.09.04"]
[EventType "swiss"]
[EventRounds "6"]
[EventCountry "ESP"]
[SourceTitle "CBM 180 Extra"]
[Source "ChessBase"]
[SourceDate "2017.10.06"]
[SourceVersion "1"]
[SourceVersionDate "2017.10.06"]
[SourceQuality "1"]

1. d4 d5 2. Bf4 e6 3. e3 Nf6 4. Bd3 Nbd7 5. Nf3 c6 6. c3 Be7 7. h3 0-0 8. Nbd2 c5 9. 0-0 c4 10. Be2 Nb6 11. b3 Bd6 12. Ne5 Bxe5 13. dxe5 Ne4 14. Nxe4 dxe4 15. Qc2 cxb3 16. axb3 Nd5 17. Bg3 Qc7 18. Rfc1 b6 19. c4 Nb4 20. Qxe4 Bb7 21. Qh4 h5 22. f4 Rad8 23. f5 Be4 1-0

[Event "Gran Canaria Fiestas Dolores 2nd"]
[Site "Gran Canaria"]
[Date "2017.09.06"]
[Round "3"]
[White "Biscarri Candalia, Oscar"]
[Black "Roca Marrero, Jose Miguel"]
[Result "0-1"]
[WhiteElo "1328"]
[BlackElo "1550"]
[PlyCount "130"]
[EventDate "2017.09.04"]
[EventType "swiss"]
[EventRounds "6"]
[EventCountry "ESP"]
[SourceTitle "CBM 180 Extra"]
[Source "ChessBase"]
[SourceDate "2017.10.06"]
[SourceVersion "1"]
[SourceVersionDate "2017.10.06"]
[SourceQuality "1"]

1. d4 Nf6 2. Bg5 Ne4 3. Nf3 Nxg5 4. Nxg5 e6 5. Nf3 d5 6. c4 g6 7. Nc3 c6 8. cxd5 exd5 9. e3 Qb6 10. Qd2 Nd7 11. a3 Nf6 12. Bd3 Bg4 13. Ne5 Bd6 14. f4 0-0 15. Rc1 c5 16. Na4 Qd8 17. h3 Bc8 18. Nxc5 b6 19. Nb3 Nd7 20. Nf3 Re8 21. 0-0 Nf6 22. Rfe1 Ne4 23. Bxe4 Rxe4 24. Ne5 Qh4 25. Qf2 Qxf2+ 26. Kxf2 f6 27. Nd2 fxe5 28. dxe5 Bf8 29. Nxe4 dxe4 30. Rc4 Bb7 31. Rec1 a5 32. Rc7 Ba6 33. Rd7 Bc5 34. e6 Re8 35. b4 axb4 36. axb4 Bxb4 37. e7 Bxe7 38. Rcc7 Kf8 39. g4 b5 40. Ke1 b4 41. Kd1 Bf1 42. f5 gxf5 43. gxf5 Bxh3 44. Rd5 Kf7 45. Rb5 h5 46. Re5 Bg4+ 47. Kc2 Bf3 48. Rc6 h4 49. Rh6 Rc8+ 50. Kb1 Bf6 51. Re6 Bc3 52. Rh7+ Kg8 53. Rxh4 Be2 54. Rg6+ Kf8 55. Rgh6 Bd3+ 56. Kc1 Bg7+ 57. Kd1 Bxh6 58. Rxh6 Kg7 59. Rb6 b3 60. Ke1 Rc1+ 61. Kd2 Rc2+ 62. Kd1 b2 63. Rb7+ Kf6 64. Rb6+ Kxf5 65. Rb5+ Kg4 0-1

[Event "Gran Canaria Galdos op 2nd"]
[Site "Gran Canaria"]
[Date "2017.05.05"]
[Round "3"]
[White "Biscarri Candalia, Oscar"]
[Black "Rodriguez Mesa, Alejandro"]
[Result "0-1"]
[WhiteElo "1368"]
[BlackElo "1095"]
[PlyCount "47"]
[EventDate "2017.05.03"]
[EventType "swiss"]
[EventRounds "5"]
[EventCountry "ESP"]
[SourceTitle "CBM 178 Extra"]
[Source "ChessBase"]
[SourceDate "2017.06.22"]
[SourceVersion "1"]
[SourceVersionDate "2017.06.22"]
[SourceQuality "1"]

1. d4 d5 2. c4 c6 3. Nc3 Nf6 4. Bg5 Bf5 5. Nf3 Nbd7 6. Nh4 e6 7. Nxf5 exf5 8. cxd5 cxd5 9. g3 Be7 10. Bg2 Nb6 11. b3 Ne4 12. Bxe7 Qxe7 13. Nxe4 fxe4 14. e3 0-0 15. 0-0 Rac8 16. Qd2 Rc6 17. Bh3 Rh6 18. Bg2 f5 19. Rac1 Rc6 20. Rxc6 bxc6 21. Rc1 Rc8 22. f4 c5 23. Bf1 c4 24. Qa5 0-1

[Event "Gran Canaria Dominguez Memorial 3rd"]
[Site "Gran Canaria"]
[Date "2016.05.24"]
[Round "3"]
[White "Biscarri Candalia, Oscar"]
[Black "Falcon Diaz, Francisco Samuel"]
[Result "0-1"]
[WhiteElo "1414"]
[BlackElo "1675"]
[PlyCount "60"]
[EventDate "2016.05.17"]
[EventType "swiss"]
[EventRounds "7"]
[EventCountry "ESP"]
[SourceTitle "CBM 172 Extra"]
[Source "ChessBase"]
[SourceDate "2016.06.21"]
[SourceVersion "1"]
[SourceVersionDate "2016.06.21"]
[SourceQuality "1"]

1. d4 d5 2. c4 e6 3. Nc3 c6 4. cxd5 exd5 5. Nf3 Bb4 6. Bd2 Bf5 7. a3 Bd6 8. Bg5 Nf6 9. e3 Nbd7 10. h3 h6 11. Bh4 Be4 12. Bd3 Qc7 13. Rc1 g5 14. Nb5 Qa5+ 15. b4 Bxb4+ 16. axb4 Qxb4+ 17. Qd2 Qxd2+ 18. Kxd2 cxb5 19. Bg3 Bxd3 20. Kxd3 0-0 21. Rc7 a5 22. Rxb7 b4 23. Rb1 Rfc8 24. Rc7 Rxc7 25. Bxc7 Ra7 26. Bd6 Ne4 27. Bc5 Nxf2+ 28. Kc2 Nxc5 29. dxc5 Ne4 30. Nd4 Rc7 0-1

[Event "Las Palmas Insular-chT Pref-A"]
[Site "Las Palmas"]
[Date "2016.03.05"]
[Round "13.3"]
[White "Biscarri Candalia, Oscar"]
[Black "Andonegui Echeburua, Jose Luis"]
[Result "0-1"]
[WhiteElo "1448"]
[BlackElo "1632"]
[PlyCount "118"]
[EventDate "2015.10.17"]
[EventType "team-tourn"]
[EventRounds "14"]
[EventCountry "ESP"]
[SourceTitle "EXT 2017"]
[Source "ChessBase"]
[SourceDate "2016.10.25"]
[SourceVersion "1"]
[SourceVersionDate "2016.10.25"]
[SourceQuality "1"]
[WhiteTeam "Anand II"]
[BlackTeam "Hotel Avda de Canarias III"]
[WhiteTeamCountry "ESP"]
[BlackTeamCountry "ESP"]

1. d4 Nf6 2. Nf3 e6 3. e3 b6 4. Bd3 Bb7 5. Nbd2 d5 6. 0-0 Nbd7 7. a3 c5 8. dxc5 bxc5 9. c3 c4 10. Bc2 Bd6 11. Re1 0-0 12. e4 Qc7 13. Qe2 Bc5 14. Nf1 dxe4 15. Ng5 Qb6 16. Ng3 Ne5 17. N3xe4 Nxe4 18. Bxe4 Bxe4 19. Nxe4 Nd3 20. Nxc5 Qxc5 21. Be3 Qb5 22. Reb1 a5 23. a4 Qf5 24. b4 cxb3 25. Rxb3 Rfd8 26. Rb5 Rd5 27. Rab1 h6 28. c4 Re5 29. Qf3 Qxf3 30. gxf3 g5 31. Kg2 f5 32. Rb8+ Rxb8 33. Rxb8+ Kf7 34. Rb7+ Kg6 35. Rb5 Ne1+ 36. Kg3 f4+ 37. Bxf4 gxf4+ 38. Kxf4 Nd3+ 39. Kg3 Rc5 40. Kg2 Kf5 41. Rb3 Nb4 42. Rc3 Ke5 43. Re3+ Kd6 44. Rc3 Rg5+ 45. Kf1 Kc5 46. Ke2 Kd4 47. Re3 e5 48. Re4+ Kc5 49. f4 exf4 50. Rxf4 Re5+ 51. Kd2 Nc6 52. Kc3 Ne7 53. Rf6 h5 54. Ra6 Nc6 55. Ra8 Rf5 56. Rh8 Rf3+ 57. Kc2 Rxf2+ 58. Kd3 Rxh2 59. Ke3 Rh3+ 0-1

[Event "Gran Canaria Santana Memorial 4th"]
[Site "Gran Canaria"]
[Date "2015.12.02"]
[Round "6"]
[White "Macias Reyes, Jose Luis"]
[Black "Biscarri Candalia, Oscar"]
[Result "0-1"]
[WhiteElo "1550"]
[BlackElo "1455"]
[PlyCount "54"]
[EventDate "2015.11.20"]
[EventType "swiss"]
[EventRounds "9"]
[EventCountry "ESP"]
[SourceTitle "EXT 2019"]
[Source "ChessBase"]
[SourceDate "2018.10.10"]
[SourceVersion "1"]
[SourceVersionDate "2018.10.10"]
[SourceQuality "1"]

1. d4 d5 2. c4 e6 3. Nc3 Nf6 4. cxd5 exd5 5. Bg5 c6 6. e3 Nbd7 7. Bd3 Be7 8. Nge2 Nf8 9. 0-0 Ne6 10. Bxf6 Bxf6 11. Re1 0-0 12. Qc2 g6 13. Rad1 Ng7 14. f3 Bg5 15. e4 Be6 16. f4 Bh4 17. g3 Be7 18. e5 Bf5 19. Kg2 Qd7 20. Ng1 Bxd3 21. Qxd3 Rfe8 22. Nf3 Rac8 23. h3 h6 24. g4 Ne6 25. f5 Nf4+ 26. Kg3 Nxd3 27. Rxd3 gxf5 0-1